[Event "Open Vitrolles 2022/2023"]
[Site "Vitrolles"]
[Date "2023.03.04"]
[Round "7.12"]
[White "Mars, Florence"]
[Black "Cortes-Sobral, Maria"]
[Result "1-0"]
[WhiteElo "1200"]
[BlackElo "1199"]
[PlyCount "89"]
[WhiteTeam "CE Vitrolles"]
[BlackTeam "Marseille Passion Echecs"]

1. e4 Nc6 2. Nf3 Nf6 3. Nc3 h6 4. d4 e6 5. a3 a5 6. Bb5 Na7 7. Be2 c6 8. O-O
Bd6 9. e5 Be7 10. exf6 Bxf6 11. Be3 d5 12. Qd2 Qc7 13. Bf4 e5 14. Bxe5 Bxe5 15.
Nxe5 Qe7 16. Rfe1 Bf5 17. Bd3 O-O 18. Bxf5 Qg5 19. Qxg5 hxg5 20. Nd7 Rfe8 21.
Nc5 Rxe1+ 22. Rxe1 Rf8 23. Kf1 g6 24. Bd3 b6 25. Nd7 Rd8 26. Nxb6 g4 27. Re7
Kg7 28. Rxa7 Rd6 29. Rxa5 Rf6 30. Nd7 Rf4 31. Ra4 Kh6 32. Ne5 f5 33. g3 Rxd4
34. Rxd4 Kg5 35. a4 Kf6 36. Nxc6 g5 37. a5 Ke6 38. Rxd5 f4 39. a6 f3 40. a7 Kf6
41. a8=Q Kg7 42. b4 Kf6 43. Rd6+ Kf7 44. Qb7+ Ke8 45. Qe7# 1-0

[Event "Open Vitrolles 2022/2023"]
[Site "Vitrolles"]
[Date "2023.04.03"]
[Round "8.1"]
[White "Duval, Jean-Pierre"]
[Black "Scamaroni, Jean-Paul"]
[Result "1/2-1/2"]
[WhiteElo "1651"]
[BlackElo "1470"]
[PlyCount "106"]
[WhiteTeam "Puy Ste Réparade"]
[BlackTeam "CE Vitrolles"]

1. Nf3 Nf6 2. b3 g6 3. Bb2 Bg7 4. g3 c5 5. e4 d6 6. Bg2 Nc6 7. O-O O-O 8. d3
Rb8 9. Nbd2 Bd7 10. Nc4 b5 11. Ne3 Qc8 12. Re1 e6 13. Qc1 a5 14. e5 dxe5 15.
Nxe5 Nxe5 16. Bxe5 Rb7 17. Qb2 Ne8 18. Bxb7 Qxb7 19. Bxg7 Nxg7 20. Qe5 Qf3 21.
Qe4 Qh5 22. Qb7 Rd8 23. Qc7 Qg5 24. f4 Qf6 25. Qxc5 Nf5 26. Nxf5 exf5 27. c4
bxc4 28. dxc4 Qc3 29. Qe5 Qb4 30. Qe7 Qb6+ 31. c5 Qc7 32. Red1 Re8 33. Qxd7
Qxc5+ 34. Qd4 Re1+ 35. Kf2 Qxd4+ 36. Rxd4 Rxa1 37. Ra4 Rb1 38. Rxa5 Rb2+ 39.
Kg1 Rb1+ 40. Kg2 Rb2+ 41. Kh3 h6 42. Ra4 Kg7 43. b4 g5 44. g4 fxg4+ 45. Kxg4
Rxh2 46. b5 gxf4 47. Rxf4 Rxa2 48. Rb4 Ra8 49. b6 Rb8 50. b7 Kg6 51. Rb6+ f6
52. Kh4 h5 53. Rb5 Kf7 1/2-1/2

[Event "Open Vitrolles 2022/2023"]
[Site "Vitrolles"]
[Date "2023.04.03"]
[Round "8.2"]
[White "Roger, Patrick"]
[Black "Kosteniuk, Kristina"]
[Result "0-1"]
[WhiteElo "1575"]
[BlackElo "1731"]
[PlyCount "60"]
[WhiteTeam "La Tour Hyéroise"]
[BlackTeam "Hay Chess"]

1. e4 c5 2. c3 d5 3. exd5 Qxd5 4. d4 g6 5. Nf3 Bg7 6. Na3 cxd4 7. Nb5 Na6 8.
Nbxd4 Nf6 9. Bxa6 bxa6 10. Qa4+ Nd7 11. O-O e5 12. Nc2 O-O 13. Ne3 Qb5 14. Qc2
Bb7 15. c4 Qc5 16. b4 Qc7 17. Bb2 a5 18. a3 axb4 19. axb4 Rfc8 20. c5 a5 21.
Rfd1 axb4 22. Nd5 Bxd5 23. Rxd5 Rxa1+ 24. Bxa1 Nxc5 25. Bxe5 Bxe5 26. Nxe5 b3
27. Qb2 Qa5 28. h3 Qa2 29. Nc4 Na4 30. Qe2 Qxe2 0-1

[Event "Open Vitrolles 2022/2023"]
[Site "Vitrolles"]
[Date "2023.04.03"]
[Round "8.3"]
[White "Frailinu, Jean-Bernard"]
[Black "Briquet, Xavier"]
[Result "1/2-1/2"]
[WhiteElo "1406"]
[BlackElo "1422"]
[PlyCount "94"]

1. b3 e5 2. Bb2 Nc6 3. e3 d5 4. Bb5 Bd6 5. f4 Qe7 6. fxe5 Bxe5 7. d4 Bd6 8. Qf3
Nf6 9. h3 Bd7 10. Nd2 a6 11. Bxc6 Bxc6 12. O-O-O O-O-O 13. Ne2 Rde8 14. Nf1 Ne4
15. c3 g6 16. Kc2 h5 17. g3 Bb5 18. Rg1 Bd7 19. Nf4 c6 20. Re1 Qf6 21. Qg2 g5
22. Nd3 Bf5 23. b4 Qg6 24. Rd1 g4 25. h4 Rhf8 26. Kb3 Qh6 27. Nf4 Bxf4 28. exf4
Nd6 29. Nd2 Re7 30. Rde1 Rfe8 31. Qf2 Rxe1 32. Rxe1 Rxe1 33. Qxe1 Ne4 34. Bc1
Qh7 35. a4 Nxd2+ 36. Bxd2 Bc2+ 37. Ka3 Qe4 38. Qxe4 dxe4 39. b5 axb5 40. axb5
Kc7 41. Kb4 Kb6 42. c4 cxb5 43. c5+ Kc6 44. Be3 Bd3 45. Ka5 Bc4 46. Kb4 f5 47.
Ka5 Ba2 1/2-1/2

[Event "Open Vitrolles 2022/2023"]
[Site "Vitrolles"]
[Date "2023.04.03"]
[Round "8.4"]
[White "Coquet, Bruno"]
[Black "Mata, Thierry"]
[Result "0-1"]
[WhiteElo "1166"]
[BlackElo "1472"]
[PlyCount "68"]
[WhiteTeam "CE Vitrolles"]
[BlackTeam "Club d'Echecs de Miramas"]

1. e4 c5 2. Nf3 Nc6 3. d4 cxd4 4. Nxd4 e5 5. Nxc6 bxc6 6. Nc3 a5 7. Bc4 Be7 8.
Qh5 d5 9. exd5 Nf6 10. Qxe5 cxd5 11. Nxd5 Be6 12. Nc7+ Kf8 13. Bxe6 Bd6 14. Qe2
Qxc7 15. Qc4 fxe6 16. Qxc7 Bxc7 17. O-O Kf7 18. b3 Be5 19. Rb1 Bc3 20. Bb2 Ne4
21. Bxc3 Nxc3 22. Rb2 Rhd8 23. f4 Rac8 24. a3 Rd2 25. b4 axb4 26. Rxb4 Ne2+ 27.
Kh1 Rdxc2 28. g4 Ra2 29. Rb7+ Kf8 30. Ra7 Rcc2 31. Rd1 Nd4 32. h4 Rh2+ 33. Kg1
Nf3+ 34. Kf1 Raf2# 0-1

[Event "Open Vitrolles 2022/2023"]
[Site "Vitrolles"]
[Date "2023.04.03"]
[Round "8.5"]
[White "Bouriel, Michel"]
[Black "Mangin, Raphael"]
[Result "0-1"]
[WhiteElo "1320"]
[BlackElo "1403"]
[PlyCount "154"]

1. c4 c5 2. Nc3 Nc6 3. Nf3 g6 4. g3 Bg7 5. Bg2 Nf6 6. O-O O-O 7. d3 d6 8. a3 a5
9. Rb1 Bf5 10. Bd2 Qd7 11. Na4 Ra6 12. e4 Bh3 13. Bf4 Bxg2 14. Kxg2 Ne8 15. Re1
e5 16. Be3 Nc7 17. b3 Ne6 18. Nc3 Ned4 19. Nb5 Raa8 20. Nbxd4 Nxd4 21. Nxd4
exd4 22. Bd2 b5 23. cxb5 Qxb5 24. Bf4 Be5 25. Bh6 Bg7 26. Bf4 Qc6 27. f3 Be5
28. Bh6 Rfb8 29. f4 Bg7 30. Bxg7 Kxg7 31. Kg1 Rb7 32. Qg4 Rab8 33. Qd1 a4 34.
b4 cxb4 35. Rc1 Qb5 36. axb4 Qxb4 37. Rc4 Qb3 38. Rxa4 Qxd1 39. Rxd1 Rb4 40.
Ra6 R8b6 41. Ra5 Rb2 42. Rd5 Re2 43. Rxd4 Rbb2 44. Rxd6 Rg2+ 45. Kf1 Rxh2 46.
Kg1 Rbg2+ 47. Kf1 Rxg3 48. f5 Rgg2 49. f6+ Kh6 50. Rd7 Rf2+ 51. Kg1 Rhg2+ 52.
Kh1 Rg5 53. Rxf7 Rf3 54. Rd2 Rf1+ 55. Kh2 Rh5+ 56. Kg2 Rfh1 57. Kf3 R1h3+ 58.
Ke2 Rh2+ 59. Kd1 Rh1+ 60. Kc2 Rc5+ 61. Kb3 Rb1+ 62. Rb2 Rb5+ 63. Kc4 R5xb2 64.
Re7 Rf2 65. e5 Rbf1 66. Kd5 Rf5 67. Ke6 g5 68. d4 g4 69. Rg7 Rg5 70. Rxg5 Kxg5
71. f7 g3 72. Ke7 g2 73. e6 g1=Q 74. Kf8 Qxd4 75. Kg8 Qd8+ 76. Kg7 Qe7 77. Kxh7
Rxf7+ 0-1

[Event "Open Vitrolles 2022/2023"]
[Site "Vitrolles"]
[Date "2023.04.03"]
[Round "8.6"]
[White "Benoit-Lizon, Alain"]
[Black "Cens, Alain"]
[Result "0-1"]
[WhiteElo "1384"]
[BlackElo "1469"]
[PlyCount "70"]
[WhiteTeam "CE Vitrolles"]
[BlackTeam "Echiquier Pierreverdant"]

1. e4 c5 2. Nf3 d6 3. d4 cxd4 4. Nxd4 Nf6 5. Nc3 g6 6. Be3 Bg7 7. f3 O-O 8. Qd2
Nc6 9. O-O-O Nxd4 10. Bxd4 Be6 11. Kb1 Qc7 12. g4 Rfc8 13. h4 h5 14. g5 Nd7 15.
Bxg7 Kxg7 16. Be2 Nb6 17. Rdf1 Bc4 18. f4 Bxe2 19. Qxe2 Nc4 20. Rf3 Qb6 21. b3
Qb4 22. Kc1 Qa3+ 23. Kd1 Nb2+ 24. Kd2 Rc6 25. Rhh3 Rac8 26. Qf2 b5 27. Qd4+ Kg8
28. b4 Rc4 29. Qg1 Qxb4 30. Qg3 Na4 31. f5 Nxc3 32. Rxc3 Rxc3 33. Qxc3 Rxc3 34.
Rxc3 Qd4+ 35. Kc1 Qxc3 0-1

[Event "Open Vitrolles 2022/2023"]
[Site "Vitrolles"]
[Date "2023.04.03"]
[Round "8.7"]
[White "Bregier, Gerard"]
[Black "Javos, Yves-Andre"]
[Result "1-0"]
[WhiteElo "1336"]
[BlackElo "1278"]
[PlyCount "73"]

1. Nf3 d5 2. c4 c6 3. e3 Nf6 4. Nc3 Bg4 5. Qb3 Qc7 6. cxd5 Bxf3 7. gxf3 Nxd5 8.
Nxd5 cxd5 9. Qxd5 a6 10. b3 Nd7 11. Bb2 Rd8 12. Rc1 Qb8 13. Qa5 Rc8 14. Rxc8+
Qxc8 15. Qc3 Qxc3 16. dxc3 h5 17. c4 Rh6 18. Rg1 g6 19. f4 f6 20. Bg2 Nc5 21.
Ke2 Kf7 22. Rd1 e6 23. Bxb7 a5 24. Bc6 g5 25. fxg5 fxg5 26. Ba3 e5 27. Bxc5
Rxc6 28. Bxf8 Kxf8 29. Rd5 a4 30. Rxe5 axb3 31. axb3 Rb6 32. Rb5 Rxb5 33. cxb5
Ke8 34. Kd3 Kd7 35. Kd4 Kc7 36. Kc5 Kb7 37. e4 1-0

[Event "Open Vitrolles 2022/2023"]
[Site "Vitrolles"]
[Date "2023.04.03"]
[Round "8.8"]
[White "De Moura Navalho, Joao-Curtis"]
[Black "Guillaud, Florence"]
[Result "1-0"]
[WhiteElo "1157"]
[BlackElo "1199"]
[PlyCount "67"]
[WhiteTeam "Hay Chess"]
[BlackTeam "Marseille Passion Echecs"]

1. c4 e5 2. Nc3 Nf6 3. g3 c6 4. Bg2 d5 5. cxd5 Nxd5 6. e4 Nxc3 7. bxc3 c5 8.
Rb1 Nc6 9. Ne2 f5 10. O-O b6 11. Rb2 Bd6 12. exf5 Bb7 13. Qa4 Qd7 14. d4 O-O
15. d5 Nb8 16. Qxd7 Nxd7 17. g4 Rae8 18. c4 Nf6 19. h3 h6 20. Ng3 Nh7 21. Re1
Bc8 22. Rbe2 Ng5 23. Ne4 Nxe4 24. Rxe4 Rf6 25. Bb2 Bxf5 26. gxf5 Rxf5 27. f4
Be7 28. Rxe5 Rf7 29. d6 Rd8 30. dxe7 Rd2 31. e8=Q+ Kh7 32. Be4+ g6 33. Qxf7+
Kh8 34. Re8# 1-0

[Event "Open Vitrolles 2022/2023"]
[Site "Vitrolles"]
[Date "2023.04.03"]
[Round "8.9"]
[White "Porte, Jacques"]
[Black "Chauvet, Joelle"]
[Result "0-1"]
[WhiteElo "1116"]
[BlackElo "1375"]
[PlyCount "92"]
[WhiteTeam "Club d'Echecs de Miramas"]
[BlackTeam "Club d'Echecs de Meyreuil"]

1. d4 d5 2. c4 e6 3. Nc3 Nf6 4. Nf3 h6 5. cxd5 Nxd5 6. e4 Nb6 7. a3 Be7 8. Be2
O-O 9. O-O c5 10. Be3 N6d7 11. dxc5 Bxc5 12. Bxc5 Nxc5 13. Qc2 Qe7 14. b4 Ncd7
15. Rad1 a5 16. Rb1 axb4 17. axb4 Nc6 18. Qb3 Nde5 19. Nxe5 Nxe5 20. Ra1 Bd7
21. Rfd1 Nc6 22. Bb5 Rxa1 23. Rxa1 Nd4 24. Qc4 e5 25. Bxd7 Qxd7 26. Nd5 b5 27.
Qc7 Qxc7 28. Nxc7 g6 29. Kf1 Kg7 30. Ra5 Rb8 31. Nd5 Nb3 32. Ra3 Nd2+ 33. Ke2
Nxe4 34. Ke3 Nd6 35. Ra6 Rd8 36. f3 f5 37. Ra7+ Kf8 38. Kd3 Nc4 39. Rb7 Rxd5+
40. Kc3 Ne3 41. g3 Nf1 42. Rc7 Nxh2 43. Rc5 Rxc5+ 44. bxc5 Nxf3 45. c6 Ke8 46.
Kb4 Nd4 0-1

[Event "Open Vitrolles 2022/2023"]
[Site "Vitrolles"]
[Date "2023.04.03"]
[Round "8.10"]
[White "Schoeni, Christine"]
[Black "Piquemal, Jean-Christophe"]
[Result "0-1"]
[WhiteElo "1199"]
[BlackElo "1208"]
[PlyCount "130"]
[WhiteTeam "CE Vitrolles"]
[BlackTeam "Marseille-Echecs"]

1. Nc3 Nf6 2. d4 d5 3. Bf4 e6 4. e3 Bb4 5. Nge2 O-O 6. a3 Ba5 7. b4 Bb6 8. Be5
Nbd7 9. Na4 c6 10. Bd6 Re8 11. Ng3 Bc7 12. Bxc7 Qxc7 13. Be2 b5 14. Nb2 e5 15.
c3 exd4 16. cxd4 Nb6 17. O-O Ne4 18. Nxe4 dxe4 19. Bg4 Nd5 20. Rc1 Qd6 21. Bxc8
Raxc8 22. Qg4 Nf6 23. Qg3 Qxg3 24. fxg3 Ng4 25. Nd1 h5 26. h3 Nf6 27. Nf2 g5
28. g4 h4 29. Nd1 Nd5 30. Rf5 f6 31. Kf2 Kg7 32. Ke2 a6 33. Nc3 Nb6 34. Rd1 Nc4
35. d5 Nd6 36. Rff1 cxd5 37. Nxd5 Rc2+ 38. Rd2 Rxd2+ 39. Kxd2 Nc4+ 40. Kc3 Nxa3
41. Kb3 Nc4 42. Rd1 a5 43. Nc7 a4+ 44. Ka2 Re5 45. Rd5 Rxd5 46. Nxd5 Kf7 47.
Nc3 Nd6 48. Nd5 Ke6 49. Nc3 Ke5 50. Nd1 Kd5 51. Nc3+ Kc4 52. Kb2 Kxb4 53. Nd5+
Kc5 54. Nxf6 b4 55. Nd7+ Kb5 56. Ne5 Nc4+ 57. Nxc4 Kxc4 58. Ka2 Kc3 59. Kb1 Kd3
60. Kb2 Kxe3 61. Kc2 Kf2 62. Kd2 a3 63. Kc2 e3 64. Kb3 Kxg2 65. Kxb4 e2 0-1

[Event "Open Vitrolles 2022/2023"]
[Site "Vitrolles"]
[Date "2023.04.03"]
[Round "8.11"]
[White "Daubord, Christophe"]
[Black "Mars, Florence"]
[Result "1-0"]
[WhiteElo "1199"]
[BlackElo "1200"]
[PlyCount "37"]
[WhiteTeam "CE Vitrolles"]
[BlackTeam "CE Vitrolles"]

1. e4 c5 2. d4 e6 3. Nc3 Nc6 4. Nf3 Nf6 5. Bg5 Be7 6. d5 exd5 7. exd5 Nxd5 8.
Nxd5 Bxg5 9. Qe2+ Be7 10. Qe4 O-O 11. Bd3 g6 12. O-O Re8 13. Rfe1 d6 14. Re2
Bf5 15. Qa4 Bxd3 16. cxd3 Rc8 17. Re3 Bf8 18. Rae1 Bg7 19. Rxe8+ 1-0

[Event "Open Vitrolles 2022/2023"]
[Site "Vitrolles"]
[Date "2023.04.03"]
[Round "8.12"]
[White "Pietrac, Christian"]
[Black "Cortes-Sobral, Maria"]
[Result "1-0"]
[WhiteElo "1164"]
[BlackElo "1199"]
[PlyCount "67"]
[WhiteTeam "Club d'Echecs de Miramas"]
[BlackTeam "Marseille Passion Echecs"]

1. Nf3 Nf6 2. d4 e6 3. g3 Na6 4. c3 d5 5. Bg2 Bd6 6. O-O Bd7 7. Re1 O-O 8. Nbd2
Qe7 9. e4 c5 10. e5 Bc7 11. exf6 Qxf6 12. Ne5 Bxe5 13. dxe5 Qg6 14. Nf3 c4 15.
Nh4 Qf5 16. Nxf5 exf5 17. Bxd5 Nc5 18. Bxc4 Be6 19. Bxe6 Nxe6 20. Qd5 Rad8 21.
Qxb7 Nc5 22. Qf3 Rd3 23. Qxf5 Rfd8 24. Be3 Ne6 25. Bxa7 R8d7 26. Bd4 Rd5 27.
Qxd3 Nxd4 28. cxd4 g6 29. Qc4 Rd7 30. Qc8+ Kg7 31. Qxd7 h5 32. e6 Kh6 33. Qxf7
Kg5 34. Qf4# 1-0

[Event "Open Vitrolles 2022/2023"]
[Site "Vitrolles"]
[Date "2023.05.07"]
[Round "9.1"]
[White "Cens, Alain"]
[Black "Duval, Jean-Pierre"]
[Result "0-1"]
[WhiteElo "1482"]
[BlackElo "1650"]
[PlyCount "46"]
[WhiteTeam "Echiquier Pierreverdant"]
[BlackTeam "Puy Ste Réparade"]

1. c4 e5 2. g3 Nf6 3. Nc3 c6 4. Bg2 d5 5. cxd5 cxd5 6. Nf3 Nc6 7. O-O d4 8. Nb1
e4 9. Ng5 Bf5 10. d3 exd3 11. exd3 Be7 12. Nd2 Bxd3 13. Nxf7 Qb6 14. Nxh8 Nb4
15. Re1 Nc2 16. Nc4 Qb4 17. Qxd3 Qxe1+ 18. Bf1 Nxa1 19. Bd2 Qe4 20. Qxe4 Nxe4
21. Bd3 Nxd2 22. Nxd2 g6 23. Ne4 Rc8 0-1

[Event "Open Vitrolles 2022/2023"]
[Site "Vitrolles"]
[Date "2023.05.07"]
[Round "9.2"]
[White "Kosteniuk, Kristina"]
[Black "Scamaroni, Jean-Paul"]
[Result "1-0"]
[WhiteElo "1792"]
[BlackElo "1490"]
[PlyCount "99"]
[WhiteTeam "Hay Chess"]
[BlackTeam "CE Vitrolles"]

1. e4 c5 2. Nf3 d6 3. Bb5+ Bd7 4. Bxd7+ Qxd7 5. d3 e6 6. O-O Be7 7. Be3 Nf6 8.
Qd2 Nc6 9. h3 O-O 10. Nc3 a6 11. d4 cxd4 12. Nxd4 b5 13. a3 Ne5 14. Rad1 Nc4
15. Qc1 Nxe3 16. Qxe3 Rac8 17. Nf3 Qc7 18. Rd2 Rfd8 19. Rfd1 Ne8 20. Ne2 Qc5
21. Qf4 e5 22. Qg3 Nf6 23. Nc3 b4 24. Nd5 Nxd5 25. Rxd5 Qxc2 26. axb4 Qxb2 27.
Nh4 Bxh4 28. Qxh4 Qxb4 29. Rxe5 f6 30. Red5 Rc4 31. f3 Qb6+ 32. Kh2 Rc5 33. Qg4
Rxd5 34. Qe6+ Kf8 35. Rxd5 a5 36. Qf5 Kg8 37. Rxa5 Qc7 38. Rd5 Qe7 39. Qf4 g6
40. Qd2 Qe6 41. Qd4 Kf7 42. Qa7+ Rd7 43. Qb8 Kg7 44. Ra5 Qe7 45. Ra8 Rb7 46.
Qg8+ Kh6 47. Re8 Qc7 48. Qf8+ Qg7 49. Qxd6 Qc7 50. Re6 1-0

[Event "Open Vitrolles 2022/2023"]
[Site "Vitrolles"]
[Date "2023.05.07"]
[Round "9.3"]
[White "Frailinu, Jean-Bernard"]
[Black "Roger, Patrick"]
[Result "1/2-1/2"]
[WhiteElo "1427"]
[BlackElo "1563"]
[PlyCount "117"]
[WhiteTeam "Club d'Echecs de Miramas"]
[BlackTeam "La Tour Hyéroise"]

1. Nf3 d5 2. d4 Nf6 3. c4 c6 4. Bf4 dxc4 5. a4 Bf5 6. Nc3 Nd5 7. Bxb8 Rxb8 8.
Nd2 Nxc3 9. bxc3 Qa5 10. Qc1 Qd5 11. e3 Bd3 12. f3 Bxf1 13. Kxf1 g6 14. Qc2 Bg7
15. Qa2 b5 16. axb5 cxb5 17. Qxa7 O-O 18. Kf2 e5 19. Rhc1 Ra8 20. Qe7 Rae8 21.
Qb4 exd4 22. exd4 Qg5 23. Ne4 Qd5 24. Qc5 Rd8 25. Rab1 f5 26. Qxd5+ Rxd5 27.
Ng3 Ra8 28. Rc2 Rb8 29. Ne2 g5 30. Rcb2 Kf7 31. g3 Ke7 32. f4 h6 33. Ra1 Rb7
34. Ra6 Rd6 35. Ra1 Kd7 36. Rab1 Kc6 37. Nc1 b4 38. Rxb4 Rxb4 39. Rxb4 Kd5 40.
Rb5+ Ke6 41. Rc5 Rxd4 42. Ne2 Re4 43. Rc8 Kf7 44. Rc5 Kg6 45. h3 Bf6 46. Kf3 h5
47. Rd5 g4+ 48. hxg4 hxg4+ 49. Kf2 Bg7 50. Nd4 Bxd4+ 51. Rxd4 Rxd4 52. cxd4 Kf6
53. d5 c3 54. Ke2 c2 55. Kd2 c1=Q+ 56. Kxc1 Ke7 57. Kd2 Kd6 58. Ke2 Kxd5 59.
Kd3 1/2-1/2

[Event "Open Vitrolles 2022/2023"]
[Site "Vitrolles"]
[Date "2023.05.07"]
[Round "9.4"]
[White "Mata, Thierry"]
[Black "Mangin, Raphael"]
[Result "1/2-1/2"]
[WhiteElo "1469"]
[BlackElo "1457"]
[PlyCount "189"]
[WhiteTeam "Club d'Echecs de Miramas"]
[BlackTeam "Club d'Echecs de Meyreuil"]

1. d4 d5 2. Nf3 Nf6 3. e3 e6 4. Bd3 c5 5. b3 Nc6 6. a3 Bd6 7. Nbd2 O-O 8. Bb2
Bd7 9. Ne5 cxd4 10. exd4 Re8 11. O-O Qc7 12. f4 Qb6 13. Ndf3 Bc7 14. Kh1 Nxe5
15. Nxe5 Bb5 16. c4 dxc4 17. bxc4 Ba4 18. Qe2 Rad8 19. Rab1 Qa5 20. Rf3 b6 21.
Bc3 Qa6 22. Rh3 h6 23. c5 Qb7 24. c6 Bxc6 25. Nxc6 Qxc6 26. Bb5 Qe4 27. Qxe4
Nxe4 28. Re3 Nxc3 29. Rxc3 Re7 30. Rf1 Rxd4 31. g3 Bd6 32. Rc8+ Kh7 33. Rf3 Rc7
34. Ra8 Rd2 35. a4 Rcc2 36. Bd3+ Rxd3 37. Rxd3 Bc5 38. Rxa7 Kg6 39. a5 bxa5 40.
Rxa5 Be7 41. Ra6 Bf6 42. Rf3 Rd2 43. g4 Rd5 44. Kg2 Rc5 45. Kg3 Rd5 46. h4 Rd1
47. h5+ Kh7 48. Kg2 Bd4 49. Rf1 Rd2+ 50. Kf3 Bf6 51. Rb1 Rd3+ 52. Ke4 Rd4+ 53.
Kf3 g5 54. hxg6+ Kxg6 55. Rb7 Rd8 56. Raa7 Rf8 57. Ra6 h5 58. gxh5+ Kxh5 59.
Ke4 Bc3 60. Ra3 Bf6 61. Rb5+ Kg4 62. Ra2 Rd8 63. Ra4 Rd1 64. Ke3 Kg3 65. Ke2
Rd7 66. Rb3+ Kg4 67. Rd3 Rc7 68. Ke3 Kf5 69. Kf3 Bb2 70. Ra5+ Kf6 71. Ra6 Rc5
72. Ra7 Rf5 73. Kg4 Bc1 74. Ra4 Kg6 75. Rc4 Bb2 76. Rf3 Kf6 77. Rb3 Ba1 78. Rb7
Kg6 79. Rc8 Bd4 80. Rg8+ Kf6 81. Rf8 Kg6 82. Rg8+ Kf6 83. Rg5 Rxg5+ 84. fxg5+
Kg6 85. Rb3 f6 86. gxf6 Kxf6 87. Rf3+ Ke7 88. Kf4 e5+ 89. Ke4 Ke6 90. Rh3 Kd6
91. Rh6+ Kc5 92. Ra6 Kb5 93. Ra8 Kb4 94. Rc8 Kb3 95. Rc1 1/2-1/2

[Event "Open Vitrolles 2022/2023"]
[Site "Vitrolles"]
[Date "2023.05.07"]
[Round "9.5"]
[White "Briquet, Xavier"]
[Black "Bregier, Gerard"]
[Result "1-0"]
[WhiteElo "1418"]
[BlackElo "1357"]
[PlyCount "79"]
[WhiteTeam "Club d'Echecs de Miramas"]
[BlackTeam "Salon Nostradamus"]

1. e4 c6 2. d4 d5 3. exd5 cxd5 4. Nf3 Nf6 5. Nc3 Bg4 6. Be2 e6 7. O-O Nc6 8.
Bf4 Bd6 9. Bxd6 Qxd6 10. Re1 Bxf3 11. Bxf3 O-O 12. a3 Rfc8 13. Rc1 a6 14. Na4
Na5 15. Nc5 b6 16. Nd3 Nc4 17. c3 Nd7 18. a4 b5 19. axb5 axb5 20. b3 Ncb6 21.
Ne5 Ra2 22. Qd3 Nxe5 23. Rxe5 b4 24. Ree1 g6 25. c4 dxc4 26. bxc4 Qc7 27. c5
Nd5 28. Bxd5 exd5 29. Qb3 Qa5 30. Qxd5 Qa3 31. h3 b3 32. Rb1 b2 33. Re3 Qa6 34.
Rb3 Qe2 35. Re3 Qc2 36. Qxa2 Qc1+ 37. Kh2 Rb8 38. Rf3 Kg7 39. Qxf7+ Kh6 40.
Qf4+ 1-0

[Event "Open Vitrolles 2022/2023"]
[Site "Vitrolles"]
[Date "2023.05.07"]
[Round "9.6"]
[White "Chauvet, Joelle"]
[Black "De Moura Navalho, Joao-Curtis"]
[Result "0-1"]
[WhiteElo "1358"]
[BlackElo "1169"]
[PlyCount "100"]
[WhiteTeam "Club d'Echecs de Meyreuil"]
[BlackTeam "Hay Chess"]

1. d4 d5 2. Nf3 Nf6 3. e3 Bf5 4. c4 e6 5. Nc3 Be7 6. Qa4+ c6 7. Ne5 Nbd7 8.
cxd5 exd5 9. Bd3 Bxd3 10. Nxd3 Bd6 11. O-O O-O 12. Ne2 Re8 13. Qc2 Qc7 14. f4
Ne4 15. Rf3 Re6 16. Nf2 Ndf6 17. Ng3 Nxf2 18. Qxf2 c5 19. Ne2 Ng4 20. Qh4 f5
21. h3 Rh6 22. Qe1 Nf6 23. Ng3 Qd7 24. Bd2 Re8 25. Qb1 g6 26. Qc2 Ne4 27. Ne2
Rc8 28. Rc1 Rc7 29. Qd1 Qb5 30. b3 Qb6 31. Nc3 Nxd2 32. Qxd2 Qa5 33. Rc2 c4 34.
Na4 Bb4 35. Qe2 b5 36. Nb2 Qxa2 37. bxc4 bxc4 38. Nd1 Qa6 39. Rf1 Qc6 40. Nb2
a5 41. Ra1 Ra7 42. Qd1 Re7 43. Nd3 g5 44. Ne5 Qe6 45. Qf3 g4 46. hxg4 fxg4 47.
Qe2 g3 48. Rxa5 Bxa5 49. Ra2 Rh1+ 50. Kxh1 Qh6+ 0-1

[Event "Open Vitrolles 2022/2023"]
[Site "Vitrolles"]
[Date "2023.05.07"]
[Round "9.7"]
[White "Bouriel, Michel"]
[Black "Benoit-Lizon, Alain"]
[Result "0-1"]
[WhiteElo "1319"]
[BlackElo "1375"]
[PlyCount "104"]
[WhiteTeam "CE Vitrolles"]
[BlackTeam "CE Vitrolles"]

1. c4 e5 2. Nc3 Bb4 3. Nf3 d6 4. g3 Bxc3 5. bxc3 Be6 6. d3 Nf6 7. Bg2 Nbd7 8.
O-O Nb6 9. a4 a5 10. Ba3 h6 11. c5 Nbd5 12. c4 Ne7 13. cxd6 cxd6 14. Qc2 O-O
15. Nd2 Rb8 16. Rab1 b6 17. Bb2 Qd7 18. d4 Ng6 19. Nf3 Bf5 20. Qd2 Bxb1 21.
Rxb1 e4 22. Ne1 Qxa4 23. Rc1 Rfe8 24. d5 Nd7 25. Qd4 Nge5 26. Bxe4 Nc5 27. Bc2
Nb3 28. Qc3 Qxc4 29. Qxc4 Nxc4 30. Bxb3 Nxb2 31. Rc6 b5 32. Rxd6 a4 33. Ba2 b4
34. Bb1 Nc4 35. Rc6 Rec8 36. Nc2 b3 37. Rxc8+ Rxc8 38. Nb4 a3 39. e4 Rb8 40.
Nc6 Rb6 41. e5 a2 42. Ne7+ Kf8 43. Bd3 a1=Q+ 44. Kg2 Nxe5 45. d6 Nxd3 46. Nf5
Qa8+ 47. Kh3 Qc8 48. g4 Nxf2+ 49. Kg3 Ne4+ 50. Kh4 Nxd6 51. h3 Nxf5+ 52. Kh5
g6# 0-1

[Event "Open Vitrolles 2022/2023"]
[Site "Vitrolles"]
[Date "2023.05.07"]
[Round "9.8"]
[White "Piquemal, Jean-Christophe"]
[Black "Coquet, Bruno"]
[Result "0-1"]
[WhiteElo "1190"]
[BlackElo "1179"]
[PlyCount "86"]
[WhiteTeam "Marseille-Echecs"]
[BlackTeam "CE Vitrolles"]

1. d4 d5 2. c4 e5 3. e3 Nc6 4. Nc3 exd4 5. exd4 Nf6 6. Nf3 Bg4 7. Be2 dxc4 8.
d5 Bxf3 9. Bxf3 Ne5 10. O-O Nd3 11. Qa4+ Qd7 12. Qxc4 Nxc1 13. Raxc1 Be7 14.
Qb5 O-O 15. Qxd7 Nxd7 16. Nb5 Ne5 17. Rxc7 Nxf3+ 18. gxf3 Bf6 19. b3 a6 20. Na3
b5 21. Rd1 Rfe8 22. Nc2 Re2 23. Re1 Rd2 24. Rc5 Bh4 25. Rf1 h6 26. a4 bxa4 27.
bxa4 Re8 28. Ne3 Re5 29. Rc4 Rg5+ 30. Ng4 h5 31. h3 hxg4 32. fxg4 Rgxd5 33. f4
R5d3 34. Rc8+ Kh7 35. Rc5 Rg3+ 36. Kh1 Rxh3+ 37. Kg1 Rg3+ 38. Kh1 Rgg2 39. Rh5+
Kg8 40. Rxh4 Rge2 41. f5 Re4 42. f6 gxf6 43. Rxf6 Re1+ 0-1

[Event "Open Vitrolles 2022/2023"]
[Site "Vitrolles"]
[Date "2023.05.07"]
[Round "9.9"]
[White "Javos, Yves-Andre"]
[Black "Daubord, Christophe"]
[Result "1-0"]
[WhiteElo "1245"]
[BlackElo "1199"]
[PlyCount "117"]
[WhiteTeam "Puy Ste Réparade"]
[BlackTeam "CE Vitrolles"]

1. e4 d5 2. exd5 Qxd5 3. Nf3 Nf6 4. Nc3 Qc5 5. d4 Qd6 6. Be3 Bg4 7. Be2 Nc6 8.
h3 Be6 9. a3 a6 10. Ng5 h6 11. Nxe6 fxe6 12. Bf3 g5 13. Bh5+ Kd7 14. Bf3 Rd8
15. Ne4 Nxe4 16. Bxe4 Kc8 17. c3 Bg7 18. Bxc6 Qxc6 19. O-O e5 20. Qg4+ Kb8 21.
Rad1 Rhf8 22. h4 Rg8 23. hxg5 hxg5 24. dxe5 Qb5 25. Rxd8+ Rxd8 26. Qxg5 Qxe5
27. Re1 Bf6 28. Qxe5 Bxe5 29. Ba7+ Kxa7 30. Rxe5 Re8 31. f4 e6 32. f5 c6 33.
Rxe6 Rf8 34. g4 Kb8 35. f6 Kc8 36. g5 Kd8 37. g6 c5 38. g7 Rg8 39. f7 Rxg7+ 40.
Kf2 Rxf7+ 41. Ke3 Rc7 42. Ke4 Kd7 43. Kd5 Rc8 44. a4 Rc6 45. Rxc6 bxc6+ 46.
Kxc5 Kc7 47. a5 Kb7 48. b4 Kc7 49. c4 Kb7 50. b5 Kc7 51. bxa6 Kb8 52. Kb6 Ka8
53. c5 Kb8 54. a7+ Ka8 55. Kxc6 Kxa7 56. Kd7 Kb7 57. c6+ Ka6 58. c7 Kxa5 59.
c8=Q 1-0

[Event "Open Vitrolles 2022/2023"]
[Site "Vitrolles"]
[Date "2023.05.07"]
[Round "9.10"]
[White "Pietrac, Christian"]
[Black "Porte, Jacques"]
[Result "1/2-1/2"]
[WhiteElo "1164"]
[BlackElo "1109"]
[PlyCount "82"]
[WhiteTeam "Club d'Echecs de Miramas"]
[BlackTeam "Club d'Echecs de Miramas"]

1. Nf3 d5 2. d4 Nf6 3. g3 Nc6 4. Bg2 e6 5. c3 Be7 6. O-O O-O 7. Re1 b5 8. Nbd2
Bb7 9. e4 dxe4 10. Nxe4 Nxe4 11. Rxe4 Na5 12. Re1 Nc4 13. Qb3 a6 14. Qc2 Qd5
15. b3 Nb6 16. Re5 Qd7 17. Ng5 Bxg5 18. Bxb7 Ra7 19. Bg2 Bxc1 20. Rxc1 Nc8 21.
Rh5 f5 22. Qd2 Qf7 23. Qe2 Ne7 24. f4 c6 25. Re1 g6 26. Rh3 Nd5 27. Bxd5 exd5
28. Qe6 Rc7 29. Kf2 h5 30. Qxf7+ Kxf7 31. Rh4 a5 32. h3 b4 33. cxb4 axb4 34.
Re2 Ra8 35. Kf3 Re8 36. Rd2 Ra8 37. g4 fxg4+ 38. hxg4 Rh8 39. gxh5 gxh5 40.
Rdh2 Kg6 41. Re2 Kf6 1/2-1/2